000 00545nam a2200205 a 4500
001 19587
003 CO-ViMGA
008 141112s2004 ck r 000 u spa d
020 _a8426122701
040 _aCO-ViMGA
_bspa
_cCO-ViMGA
082 0 4 _aHEUpo
100 1 _aHeuck, Sigrid
_928313
245 1 0 _aEl Poni, el oso y la estrella
260 _aBarcelona :
_bJuventud; 1995
300 _a30 p.
490 _aColección cuadrada
590 _aForma de adquisición : Premio Mincultura
650 1 4 _aCUENTOS INFANTILES
_92743
942 _2ddc
_cBK
999 _c28726
_d28726